| 000 | 01081cam a2200313 4500 | ||
|---|---|---|---|
| 001 | 4582259 | ||
| 003 | OSt | ||
| 005 | 20140310181618.0 | ||
| 008 | 700409t19701969paua j 000 1 eng | ||
| 010 | _a 75082402 | ||
| 040 |
_aDLC _cDLC _dDLC |
||
| 042 | _alcac | ||
| 050 | 0 | 0 |
_aPZ 7 _b.C623 1969 |
| 082 | 0 | 0 |
_aFIC _bC58w 1969 |
| 100 | 1 |
_aCleaver, Vera. _917665 |
|
| 245 | 1 | 0 |
_aWhere the lilies bloom / _cVera & Bill Cleaver. Illustrated by Jim Spanfeller. |
| 250 | _a[1st ed.] | ||
| 260 |
_aPhiladelphia, _bJ. B. Lippincott Co. _cc1969. |
||
| 300 |
_a174 p. _bill. ; _c22 cm. |
||
| 350 | _a3.95 | ||
| 520 | _aIn the Great Smoky Mountains region, a fourteen-year-old girl struggles to keep her family together after their father dies. | ||
| 650 | 1 |
_aBrothers and sisters _xFiction. _917666 |
|
| 651 | 1 |
_aGreat Smoky Mountains (N.C. and Tenn.) _xFiction. _917667 |
|
| 700 | 1 |
_aCleaver, Bill, _ejoint author. _917668 |
|
| 700 | 1 |
_aSpanfeller, James J., _d1930- _eillus. _917669 |
|
| 906 |
_a7 _bcbc _corignew _du _encip _f19 _gy-gencatlg |
||
| 942 |
_2lcc _cBK-FIC _kFIC |
||
| 999 |
_c40 _d40 |
||